| 000 | 01361nam a2200325 i 4500 | ||
|---|---|---|---|
| 001 | 197085 | ||
| 003 | ES-MaACL | ||
| 005 | 20250820063100.0 | ||
| 008 | 250310s2009 mx a r 001 0 spadd | ||
| 020 | _a9786070207785 | ||
| 040 |
_aULPGC _bspa _cES-MaACL |
||
| 080 | _a727.3(72) | ||
| 080 | _a378.4(72) | ||
| 100 | 1 |
_aDíaz de Cossio, Roger _9239952 _eaut |
|
| 245 | 1 | 0 |
_aCiudad universitaria : _bcrisol del México moderno / _c[coordinación general, Roger Díaz de Cossío ; textos, Roger Díaz de Cossío, Raúl Domínguez Martínez, Francisco Javier López Morales]. |
| 260 |
_aMéxico : _bFundación UNAM, _c2009. |
||
| 300 |
_a279 páginas : _bilustrado a color y blanco y negro ; _c31 cm. |
||
| 336 |
_2rdacontent _atexto |
||
| 337 |
_2rdamedia _asin mediación |
||
| 338 |
_2rdacarrier _avolumen |
||
| 610 | 2 | 4 |
_aUniversidad Nacional Autónoma de México _97397 |
| 651 | 0 |
_aMéxico D.F. (México)- _xHistoria _9239953 |
|
| 700 | 1 |
_aDomínguez Martínez, Raúl _9239954 _eaut |
|
| 700 | 1 |
_aLópez Morales, Francisco Javier _9239955 _eaut |
|
| 852 |
_aES-MaACL _cDEPOJ _jN-10453 _xEncuadernación cartoné _9206576 _hDonación: CIDA |
||
| 942 |
_cMONOGRAFIA _n0 |
||
| 999 |
_c197085 _d197085 |
||